000 00574nam a22001937a 4500
005 20140630152459.0
010 _aENG-110114
020 _a9789350483893
_c200.00
035 _aEN-93647
037 _bDBAD/PUB
082 _a510
100 _aThakur, Rajesh Kumar
245 _aEnrich your maths skill /
_cby Rajesh Kumar Thakur
260 _aNew Delhi
_bPrabhat Books
_c2013
270 _a4/19 Asaf Ali Road
_bNew Delhi
_e110002
300 _a135p. :
_c22cm(Hb)
_bill.
500 _aIncludes bibliographical references
942 _2ddc
_cEN
_mTHA
_h510
999 _c84975
_d84975